<?xml version="1.0" encoding="UTF-8"?>
<marc:record xmlns:marc="http://www.loc.gov/MARC21/slim">
   <marc:leader>00000nam a2200000 a 4500</marc:leader>
   <marc:datafield ind1="1" ind2=" " tag="100">
      <marc:subfield code="a">Lustiges Taschenbuch. Enten-Edition. Für Daisy</marc:subfield>
      <marc:subfield code="4">aut</marc:subfield>
      <marc:subfield code="e">Verfasser/-in</marc:subfield>
   </marc:datafield>
   <marc:datafield ind1="1" ind2=" " tag="100">
      <marc:subfield code="a">Walt Disney</marc:subfield>
   </marc:datafield>
   <marc:datafield ind1=" " ind2=" " tag="653">
      <marc:subfield code="a">Walt Disney</marc:subfield>
   </marc:datafield>
   <marc:datafield ind1=" " ind2=" " tag="653">
      <marc:subfield code="a">Reihe</marc:subfield>
   </marc:datafield>
   <marc:datafield ind1=" " ind2=" " tag="653">
      <marc:subfield code="a">Donald Duck</marc:subfield>
   </marc:datafield>
   <marc:datafield ind1=" " ind2=" " tag="653">
      <marc:subfield code="a">Comic</marc:subfield>
   </marc:datafield>
   <marc:datafield ind1="0" ind2="0" tag="245">
      <marc:subfield code="a">Lustiges Taschenbuch. Enten-Edition. Für Daisy</marc:subfield>
   </marc:datafield>
   <marc:datafield ind1=" " ind2="1" tag="264">
      <marc:subfield code="a">Berlin</marc:subfield>
      <marc:subfield code="b">Egmont</marc:subfield>
      <marc:subfield code="c">2025</marc:subfield>
   </marc:datafield>
   <marc:datafield ind1="1" ind2=" " tag="490">
      <marc:subfield code="a">Lustiges Taschenbuch. Enten-Edition</marc:subfield>
      <marc:subfield code="v">91</marc:subfield>
   </marc:datafield>
   <marc:datafield ind1=" " ind2=" " tag="250">
      <marc:subfield code="a">1. Auflage</marc:subfield>
   </marc:datafield>
   <marc:datafield ind1="1" ind2=" " tag="520">
      <marc:subfield code="a">85 Jahre Daisy Duck - Sie meistert jede Herausforderung!##Ob während einer Reise um die halbe Welt mit einem Lampengeist oder als kreatives Talent in einer Werbeagentur: Daisy zeigt hier wahre Größe! Sie setzt sich für Frauen in der Wissenschaft ein und bringt Daniel Düsentrieb um den Verstand. Und wenn Daisy und Gundel gemeinsame Sache machen, steht es schlecht um Dagobert Ducks Geschäfte. Nicht wegzudenken aus ihrem Leben: Donald! Der kostet zwar oft genug Nerven, aber er ist immer da, wenn es drauf ankommt.##18 turbulente und spaßige Geschichten mit der charismatischen Daisy Duck!##Über die Reihe:##In der LTB Enten-Edition dreht sich alles um die Ducks: Donald, Dagobert, Tick, Trick und Track und viele weitere orangeschnäblige Entenhausener erleben die lustigsten Geschichten und aufregendsten Abenteuer.##Einfach nur Spaß mit der LTB Enten-Edition!</marc:subfield>
   </marc:datafield>
   <marc:datafield ind1=" " ind2=" " tag="041">
      <marc:subfield code="a">ger</marc:subfield>
   </marc:datafield>
   <marc:datafield ind1=" " ind2=" " tag="300">
      <marc:subfield code="a">336 S.</marc:subfield>
   </marc:datafield>
</marc:record>
